Davis advantage for basic nursing : (Record no. 60347)
[ view plain ]
| 000 -LEADER | |
|---|---|
| fixed length control field | 01396cam a2200349 i 4500 |
| 001 - CONTROL NUMBER | |
| control field | 22081200 |
| 005 - DATE AND TIME OF LATEST TRANSACTION | |
| control field | 20260413142459.0 |
| 008 - FIXED-LENGTH DATA ELEMENTS--GENERAL INFORMATION | |
| fixed length control field | 210614s2022 paua 001 0 eng |
| 010 ## - LIBRARY OF CONGRESS CONTROL NUMBER | |
| LC control number | 2021022839 |
| 020 ## - INTERNATIONAL STANDARD BOOK NUMBER | |
| International Standard Book Number | 9781719642071 |
| 040 ## - CATALOGING SOURCE | |
| Original cataloging agency | DNLM/DLC |
| Language of cataloging | eng |
| Description conventions | rda |
| Transcribing agency | DLC |
| Modifying agency | DLC |
| 042 ## - AUTHENTICATION CODE | |
| Authentication code | pcc |
| 050 00 - LIBRARY OF CONGRESS CALL NUMBER | |
| Classification number | RT49 |
| Item number | .T74 2022 |
| 060 00 - NATIONAL LIBRARY OF MEDICINE CALL NUMBER | |
| Classification number | WY 100.1 |
| 082 00 - DEWEY DECIMAL CLASSIFICATION NUMBER | |
| Classification number | 610.73 |
| Edition number | 23 |
| 100 1# - MAIN ENTRY--PERSONAL NAME | |
| Personal name | Treas, Leslie S. |
| Relator term | author. |
| 240 10 - UNIFORM TITLE | |
| Uniform title | <a href="Basic nursing">Basic nursing</a> |
| 245 10 - TITLE STATEMENT | |
| Title | Davis advantage for basic nursing : |
| Remainder of title | thinking, doing, and caring / |
| Statement of responsibility, etc | Leslie S. Treas, PhD, RN, CPNP-PC, NNP-BC, Karen L. Barnett, DNP, RN, Mable H. Smith, PhD, JD, MN, NEA-BC. |
| 246 30 - VARYING FORM OF TITLE | |
| Title proper/short title | Advantage for basic nursing |
| 250 ## - EDITION STATEMENT | |
| Edition statement | Third edition. |
| 300 ## - PHYSICAL DESCRIPTION | |
| Extent | 1 volume (various paging) : |
| Other physical details | color illustrations ; |
| Dimensions | 28 cm |
| 500 ## - GENERAL NOTE | |
| General note | Preceded by Basic nursing / Leslie S. Treas, Judith M. Wilkinson, Karen Barnett, Mable H. Smith. Second edition. [2018] |
| 500 ## - GENERAL NOTE | |
| General note | Includes index. |
| 650 12 - SUBJECT ADDED ENTRY--TOPICAL TERM | |
| Topical term or geographic name as entry element | Nursing Care |
| General subdivision | methods |
| 650 22 - SUBJECT ADDED ENTRY--TOPICAL TERM | |
| Topical term or geographic name as entry element | Nursing Assessment |
| 650 22 - SUBJECT ADDED ENTRY--TOPICAL TERM | |
| Topical term or geographic name as entry element | Nurse's Role |
| 700 1# - ADDED ENTRY--PERSONAL NAME | |
| Personal name | Barnett, Karen L., |
| Relator term | author. |
| 700 1# - ADDED ENTRY--PERSONAL NAME | |
| Personal name | Smith, Mable H., |
| Relator term | author. |
| 776 08 - ADDITIONAL PHYSICAL FORM ENTRY | |
| Display text | Online version: |
| Main entry heading | Treas, Leslie S. |
| Title | Davis advantage for basic nursing |
| Edition | Third edition. |
| Place, publisher, and date of publication | Philadelphia, PA : F.A. Davis Company, [2022] |
| International Standard Book Number | 9781719642118 |
| Record control number | (DLC) 2021022840 |
| 906 ## - LOCAL DATA ELEMENT F, LDF (RLIN) | |
| a | 7 |
| b | cbc |
| c | orignew |
| d | 1 |
| e | ecip |
| f | 20 |
| g | y-gencatlg |
| 942 ## - ADDED ENTRY ELEMENTS (KOHA) | |
| Source of classification or shelving scheme | Library of Congress Classification |
| Item type | Book |
| Withdrawn status | Lost status | Source of classification or shelving scheme | Damaged status | Not for loan | Collection code | Home library | Current library | Shelving location | Date acquired | Source of acquisition | Cost, normal purchase price | Total Checkouts | Full call number | Barcode | Date last seen | Copy number | Price effective from | Koha item type |
|---|---|---|---|---|---|---|---|---|---|---|---|---|---|---|---|---|---|---|
| Library of Congress Classification | Not For Loan | Non-fiction | Bishop Okullu Memorial Library (Limuru Campus) | Bishop Okullu Memorial Library (Limuru Campus) | Processing Center | 13/04/2026 | Donation- Pittsburgh | 23018.00 | RT49 .T74 2022 | 073311 | 13/04/2026 | 1 | 13/04/2026 | Book |